| 000 | 00600nam a22001577a 4500 | ||
|---|---|---|---|
| 005 | 20120615112423.0 | ||
| 020 |
_a8185495700 _cRs.595.00 (hbk) |
||
| 035 | _aB-107364 | ||
| 037 |
_aDPL _bENG |
||
| 100 |
_aOman, John Campbell _949137 |
||
| 245 |
_aReligious festivals and caste system in India during 19th century / _cby John Campbell Oman |
||
| 260 |
_aNew Delhi _bKhama Publishers _c2003 |
||
| 300 |
_av, 302p. _c20 cms. |
||
| 942 |
_2ddc _cEN _h394.26 _mOMA |
||
| 999 |
_c67962 _d67962 |
||